00367 2200157 4500245004700000020002200047250001100069100001700080650001600097005001900113260003100132041001400163084000800177300001500185336000900200 aKimchi , I Like It ...cRatna FaridahText a978-602-7968-27-1 aCet. 1 aRatna Farida aNovel Fiksi a20230116155519 aYogyakartabde Teensc2013 aIndonesia a813 a180 hlm. : atext